000 00862nam a22002777a 4500
999 _c733
_d733
001 002400
003 CoMeUDC002400
005 20190115183524.0
008 840813s1983 ck fk b 000 0 spa
010 _a 84105577
020 _a8482722638
040 _aDLC
_cCoMeUDC
_dDLC
043 _as-ck---
050 0 0 _aKHH1164.L46
_bR46 1983
082 0 0 _a346.073
_219
_bR412c
100 1 _aRengifo, Ramiro.
245 1 0 _aCrédito documentado :
_blas cartas de crédito /
_cRamiro Rengifo.
250 _a2a ed.
260 _aBogotá, Colombia :
_bEditorial Temis Librería,
_c1983.
300 _aviii, 142 p., [4] p. of plates :
_bforms ;
_c23 cm.
504 _aIncludes bibliographical references.
650 0 _aCartas de crédito.
_zColombia.
_91064
650 0 _aLetters of credit.
906 _a7
_bcbc
_corignew
_d4
_encip
_f19
_gy-gencatlg
942 _2ddc
_cBK